00682 2200253 4500001002100000005001500021020002200036035002400058040001200082082001700094084001700111090001700128100003000145245005200175250001000227260003500237300004200272504003000314650002400344850001200368990001600380990001600396990001600412YOGYA00000000010007420140823125029 a978-602-8545-55-6 0010-111300000000186 aYOPDYOG 2[22]a582.12 a582.12 Din S a582.12 Din S aDINI NURIS NURAINI, 1983- aAneka manfaat biji-bijian/cDini Nuris Nuraini. aCet.1 aYogyakarta:bGava Media,c2011 aX, 278 hlm.:bilus.;c23 cm. (3 eks.) aBibliografi : hlm 268-278 aHerbal dan Tumbuhan aYOPDYOG a2803/B.2013 a2804/B.2013 a2805/B.2013